<?xml version="1.0" encoding="UTF-8"?>
<record
    xmlns:xsi="http://www.w3.org/2001/XMLSchema-instance"
    xsi:schemaLocation="http://www.loc.gov/MARC21/slim http://www.loc.gov/standards/marcxml/schema/MARC21slim.xsd"
    xmlns="http://www.loc.gov/MARC21/slim">

  <leader>00478nam a22001577a 4500</leader>
  <controlfield tag="008">230605b        |||||||| |||| 00| 0 eng d</controlfield>
  <datafield tag="040" ind1=" " ind2=" ">
    <subfield code="a">National Science Library</subfield>
    <subfield code="c">National Science Library</subfield>
  </datafield>
  <datafield tag="080" ind1=" " ind2=" ">
    <subfield code="a">R 016:002</subfield>
    <subfield code="b">J1</subfield>
  </datafield>
  <datafield tag="100" ind1=" " ind2=" ">
    <subfield code="a">Frank, Otto</subfield>
  </datafield>
  <datafield tag="245" ind1=" " ind2=" ">
    <subfield code="a">Literaturvezeichnos zur dokumentation 1930 bis 1950</subfield>
    <subfield code="c">/ Beuth-Vertrieb GMBH</subfield>
  </datafield>
  <datafield tag="260" ind1=" " ind2=" ">
    <subfield code="a">Berlin: </subfield>
    <subfield code="b">Beuth-Vertrieb GMBH, </subfield>
    <subfield code="c">1951</subfield>
  </datafield>
  <datafield tag="300" ind1=" " ind2=" ">
    <subfield code="a">156p.</subfield>
  </datafield>
  <datafield tag="650" ind1=" " ind2=" ">
    <subfield code="a">Language</subfield>
  </datafield>
  <datafield tag="653" ind1=" " ind2=" ">
    <subfield code="a">Dictionaries</subfield>
  </datafield>
  <datafield tag="942" ind1=" " ind2=" ">
    <subfield code="2">udc</subfield>
    <subfield code="c">PR</subfield>
  </datafield>
  <datafield tag="999" ind1=" " ind2=" ">
    <subfield code="c">39055</subfield>
    <subfield code="d">39055</subfield>
  </datafield>
  <datafield tag="952" ind1=" " ind2=" ">
    <subfield code="0">0</subfield>
    <subfield code="1">0</subfield>
    <subfield code="2">udc</subfield>
    <subfield code="4">0</subfield>
    <subfield code="6">R_016002_J1</subfield>
    <subfield code="7">0</subfield>
    <subfield code="9">58741</subfield>
    <subfield code="a">NSL</subfield>
    <subfield code="b">NSL</subfield>
    <subfield code="c">GF/Rk-23/C-5/R-2</subfield>
    <subfield code="d">1953-04-10</subfield>
    <subfield code="l">0</subfield>
    <subfield code="o">R 016:002 J1</subfield>
    <subfield code="p">200</subfield>
    <subfield code="r">2023-06-05 00:00:00</subfield>
    <subfield code="w">1953-04-10</subfield>
    <subfield code="y">PR</subfield>
  </datafield>
  <datafield tag="952" ind1=" " ind2=" ">
    <subfield code="0">0</subfield>
    <subfield code="1">0</subfield>
    <subfield code="2">udc</subfield>
    <subfield code="4">0</subfield>
    <subfield code="6">R_016002_J7</subfield>
    <subfield code="7">0</subfield>
    <subfield code="9">58742</subfield>
    <subfield code="a">NSL</subfield>
    <subfield code="b">NSL</subfield>
    <subfield code="c">GF/Rk-23/C-5/R-2</subfield>
    <subfield code="d">1953-04-10</subfield>
    <subfield code="l">0</subfield>
    <subfield code="o">R 016:002 J7</subfield>
    <subfield code="p">2881</subfield>
    <subfield code="r">2023-06-05 00:00:00</subfield>
    <subfield code="w">1953-04-10</subfield>
    <subfield code="y">PR</subfield>
  </datafield>
</record>
